000 00854nam a2200229Ii 4500
003 JO-AjNU
008 230605s9999||||xx |||||||||||||| ||und||
017 _a1987/9056
020 _a977-04-0367-9
040 _aJO-AjNU
_bara
_erda
_cJO-AjNU
041 _aara
050 1 4 _aKRM3950.M3392.1988
100 3 _a حسنى، محمود نجيب ,
_eauthor
_944755
245 0 0 _aالنظرية العامة للقصد الجنائى : دراسة تأصيلية مقارنة للركن المعنوى في الجرائم العمدية
250 _aط3
264 3 1 _aالقاهرة : دار النهضة العربية ، 1988
300 _a333ص
336 _atext
_btxt
_2rdacontent
337 _aunmediated
_bn
_2rdamedia
338 _avolume
_bnc
_2rdacarrier
650 4 _aالجريمة والمجرمون -- القانون الجنائي
_944756
999 _aA19349
_c22917
_d22917